Detalles MARC
| 000 -LEADER |
| fixed length control field |
03148nam a2200397Ii 4500 |
| 001 - CONTROL NUMBER |
| control field |
DIGBIN02228 |
| 003 - CONTROL NUMBER IDENTIFIER |
| control field |
NyNyDIG |
| 006 - FIXED-LENGTH DATA ELEMENTS--ADDITIONAL MATERIAL CHARACTERISTICS |
| fixed length control field |
m o d |
| 007 - PHYSICAL DESCRIPTION FIXED FIELD--GENERAL INFORMATION |
| fixed length control field |
cr ||||||||||| |
| 008 - FIXED-LENGTH DATA ELEMENTS--GENERAL INFORMATION |
| fixed length control field |
100625s2008 sp ob 000 0 spa d |
| 020 ## - INTERNATIONAL STANDARD BOOK NUMBER |
| Canceled/invalid ISBN |
8497428579 |
| 020 ## - INTERNATIONAL STANDARD BOOK NUMBER |
| Canceled/invalid ISBN |
9788497428576 |
| 035 ## - SYSTEM CONTROL NUMBER |
| System control number |
(OCoLC)843455553 |
| 040 ## - CATALOGING SOURCE |
| Original cataloging agency |
DGITA |
| Language of cataloging |
eng |
| Description conventions |
pn |
| Transcribing agency |
DGITA |
| 043 ## - GEOGRAPHIC AREA CODE |
| Geographic area code |
e-sp--- |
| 050 14 - LIBRARY OF CONGRESS CALL NUMBER |
| Classification number |
PQ6144 eBook |
| 100 1# - MAIN ENTRY--PERSONAL NAME |
| Personal name |
Gullón, Germán. |
| 245 14 - TITLE STATEMENT |
| Title |
Una Venus mutilada : |
| Remainder of title |
la crítica literaria en la España actua / |
| Statement of responsibility, etc. |
Germán Gullón. |
| 264 #1 - PRODUCTION, PUBLICATION, DISTRIBUTION, MANUFACTURE, AND COPYRIGHT NOTICE |
| Place of production, publication, distribution, manufacture |
Madrid : |
| Name of producer, publisher, distributor, manufacturer |
Biblioteca Nueva, |
| Date of production, publication, distribution, manufacture, or copyright notice |
2008. |
| 300 ## - PHYSICAL DESCRIPTION |
| Extent |
1 online resource (158 pages) |
| 336 ## - CONTENT TYPE |
| Content type term |
text |
| Content type code |
txt |
| Source |
rdacontent |
| 337 ## - MEDIA TYPE |
| Media type term |
computer |
| Media type code |
c |
| Source |
rdamedia |
| 338 ## - CARRIER TYPE |
| Carrier type term |
online resource |
| Carrier type code |
cr |
| Source |
rdacarrier |
| 490 1# - SERIES STATEMENT |
| Series statement |
Ensayo / Biblioteca Nueva ; |
| Volume/sequential designation |
28. |
| 504 ## - BIBLIOGRAPHY, ETC. NOTE |
| Bibliography, etc. note |
Includes bibliographical references. |
| 505 0# - FORMATTED CONTENTS NOTE |
| Formatted contents note |
Prefacio. Lectores sin fronteras -- Introducción. Aprecio a los juicios críticos discretos -- Anorexia literaria -- ¿Dónde están los libros que dejan un recuerdo? -- Miedo a los libros peligrosos -- I. El crítico literario -- a) Contexto actual: hacia la privatización de la literatura -- b) Muerte del crítico individual y nacimiento del miembro de una red (network) -- c) Unas gotas de historia: en los orígenes de la figura del crítico literario, Charles Sainte-Beuve y Leopoldo Alas Clarín -- II. Luces y sombras en la palestra crítica -- a) La aportación personal: autenticidad y coherencia -- b) Obstáculos levantados por el entorno literario -- c) La finura de espíritu pascaliana -- d) El emergente lector híbrido -- e) Un ambiente cultural rico en alternativas -- f) El imperativo moral de la crítica -- III. Retos de hoy para la crítica literaria -- a) La industria de las lecturas de entretenimiento -- b) La defensa del patrimonio literario -- c) Nueva cuestión palpitante de la literatura -- d) La feria de las superventas: el thriller cultural (bibliothriller) o la ficción de entretenimiento: El código da Vinci, de Dan Brown, y La sombra del viento, de Carlos Ruiz Zafón -- e) Valor literario versus valor intelectual: Soldados de Salamina, libro y película -- IV. ¿Es legítima la crítica literaria? -- a) La prensa cultural y su filiación ideológica -- b) La función de la crítica en la prensa diaria y la estrategia comunicativa -- c) Las dificultades del intercambio crítico -- d) La legitimidad del suplemento literario -- e) Listas de gente a evitar: los escritores silenciados -- f) El deber del crítico -- Final. El politeísmo de la belleza: de vuelta del yo al nosotros -- La literatura de estudio -- De regreso del lector a la audiencia. |
| 650 #0 - SUBJECT ADDED ENTRY--TOPICAL TERM |
| Topical term or geographic name entry element |
Spanish fiction |
| Chronological subdivision |
20th century |
| General subdivision |
History and criticism. |
| 650 #0 - SUBJECT ADDED ENTRY--TOPICAL TERM |
| Topical term or geographic name entry element |
Spanish fiction |
| Chronological subdivision |
21st century |
| General subdivision |
History and criticism. |
| 655 #0 - INDEX TERM--GENRE/FORM |
| Genre/form data or focus term |
Electronic books. |
| 791 2# - |
| -- |
Digitalia (Firm), |
| -- |
distributor. |
| 793 0# - |
| -- |
Digitalia eBook Collection: |
| -- |
Biblioteca Nueva |
| 830 #0 - SERIES ADDED ENTRY--UNIFORM TITLE |
| Uniform title |
Ensayo (Biblioteca Nueva (Firm)) ; |
| Volume/sequential designation |
28. |
| 856 40 - ELECTRONIC LOCATION AND ACCESS |
| Materials specified |
Digitalia Hispánica |
| Uniform Resource Identifier |
<a href="https://www.digitaliapublishing.com/a/79/">https://www.digitaliapublishing.com/a/79/</a> |
| 910 ## - USER-OPTION DATA (OCLC) |
| User-option data |
Premium Collection: 2007-2012 |
| 942 ## - ADDED ENTRY ELEMENTS (KOHA) |
| Koha item type |
Recurso Electrónico |